Normal view
MARC view
Entry Personal Name
001 - CONTROL NUMBER
- control field: 7777
003 - CONTROL NUMBER IDENTIFIER
- control field: OSt
005 - DATE AND TIME OF LATEST TRANSACTION
- control field: 20211028144235.0
008 - FIXED-LENGTH DATA ELEMENTS
- fixed length control field: 211028|| aca||aabn | a|a d
040 ## - CATALOGING SOURCE
- Original cataloging agency: OSt
- Transcribing agency: OSt
100 ## - HEADING--PERSONAL NAME
- Personal name: Jaison, Anupama; Dias, Beena.
- Miscellaneous information: 1616020
670 ## - SOURCE DATA FOUND
- Source citation: Work cat.: (OSt): Jaison, Anupama; Dias, Beena. 1616020, Pragmatic effectiveness and vital challenges of recruiting process of portea Bangalore., 2018